| 000 | 00497pab a2200181 454500 | ||
|---|---|---|---|
| 008 | 180718b2009 xxu||||| |||| 00| 0 eng d | ||
| 100 | _aSrivastava, Sanjay | ||
| 245 | _aUrban spaces, disney-divinity and moral middle classes in Delhi | ||
| 260 | _c2009 | ||
| 300 | _ap.338-45. | ||
| 362 | _a27 Jun | ||
| 650 | _aMiddle class - India - Delhi | ||
| 650 | _aUrban spaces - India - Delhi | ||
| 650 | _aUrban spaces | ||
| 773 | _aEconomic and Political Weekly | ||
| 908 | _aN | ||
| 909 | _a83019 | ||
| 999 |
_c83019 _d83019 |
||